Central Library OPAC University of Rajshahi

A field guide to the insects of America north of Mexico / (Record no. 73518)

MARC details
000 -LEADER
fixed length control field 01026nam a2200289 a 4500
001 - CONTROL NUMBER
control field 73518
003 - CONTROL NUMBER IDENTIFIER
rucl marc code BD-RjUL
005 - DATE AND TIME OF LATEST TRANSACTION
control field 20211209082415.0
008 - FIXED-LENGTH DATA ELEMENTS--GENERAL INFORMATION
fixed length control field 170603s1970 nyua b 001 0 eng d
020 ## - INTERNATIONAL STANDARD BOOK NUMBER
International Standard Book Number 0395911710
International Standard Book Number 0395911702
035 ## - SYSTEM CONTROL NUMBER
System control number (BD-RjUL)73736
040 ## - CATALOGING SOURCE
Original cataloging agency DLC
Transcribing agency DLC
Modifying agency DLC
Language of cataloging eng
041 ## - LANGUAGE CODE
Language code of text/sound track or separate title eng
082 00 - DEWEY DECIMAL CLASSIFICATION NUMBER
Classification number 595.70973
Edition number 23
Author mark and year BOF 1970
100 1# - MAIN ENTRY--PERSONAL NAME
Personal name Borror, Donald Joyce,
Dates associated with a name 1907-
9 (RLIN) 217527
245 12 - TITLE STATEMENT
Title A field guide to the insects of America north of Mexico /
Statement of responsibility, etc. by Donald J. Borror and Richard E. White. Color and shaded drawings by Richard E. White. Line drawings by the authors.
260 ## - PUBLICATION, DISTRIBUTION, ETC. (IMPRINT)
Place of publication, distribution, etc. Boston :
Name of publisher, distributor, etc. Houghton Mifflin,
Date of publication, distribution, etc. 1970.
300 ## - PHYSICAL DESCRIPTION
Pagination xi, 404 p :
Illustrations ill. ;
Size 19 cm.
490 0# - SERIES STATEMENT
Series statement The Peterson field guide series ;
Volume/sequential designation 19
504 ## - BIBLIOGRAPHY, ETC. NOTE
Bibliography, etc Bibliography and index
650 #0 - SUBJECT ADDED ENTRY--TOPICAL TERM
Topical term or geographic name as entry element Insects
Geographic subdivision United States
General subdivision Identification.
9 (RLIN) 217528
700 1# - ADDED ENTRY--PERSONAL NAME
Personal name White, Richard E.,
Relator term joint author.
830 ## - SERIES ADDED ENTRY--UNIFORM TITLE
Uniform title The Peterson field guide series ;
Volume number/sequential designation 19
942 ## - ADDED ENTRY ELEMENTS (KOHA)
Source of classification or shelving scheme Dewey Decimal Classification
Koha item type Books
Holdings
Lost status Source of classification or shelving scheme Damaged status Not for loan Collection code Permanent Location Current Location Shelving location Date acquired Source of acquisition Total Checkouts Full call number Date last seen Copy number Koha item type
  Dewey Decimal Classification   Not For Loan Non-fiction Central Library, University of Rajshahi Central Library, University of Rajshahi Reading Room 17/07/1976 Asia Foundation   595.70973 BOF 1970 03/06/2017 C-1 Books